00708nai a2200181Ia 4500003000900000008004100009022002300050040001600073245006600089260008600155310001400241362002600255521006900281650003000350650003400380650001900414856009300433IN-BaIIA211028c9999 xx s 000 0 eng d a2576-3202 (Online) cIIA Library 0aIEEE Transactions on Medical Robotics and Bionicsh[eJournal] aNew York, USAbThe Institute of Electrical and Electronics Engineers, Inc. (IEEE) aQuarterly a1(1); 2019 - Present  bSubscribed through National Knowledge Resource Consortium (NKRC) a Computing and Processing a Robotics and Control Systems aBioengineering uhttps://ieeexplore.ieee.org/servlet/opac?punumber=8253409yClick Here to Access eJournal